Marketing masters : secrets of America's best companies /

Bibliographic Details
Main Author: Walden, Gene
Other Authors: Lawler, Ed
Format: Book
Language:English
Published: New York : HarperBusiness, [1993]
Subjects:

MARC

Tag First Indicator Second Indicator Subfields
LEADER 00000cam a22000008a 4500
001 in00001154513
005 20151001062043.0
008 920917s1993 nyua 001 0 eng
010 |a  92054750  
020 |a 0887305903 :  |c $22.50 
035 |a (OCoLC)27073344 
035 |9 AGD4833AM 
040 |a DLC  |c DLC  |d VPL  |d OCL  |d TXA  |d UtOrBLW 
043 |a n-us--- 
049 |a TXAM 
050 0 0 |a HF5415.1  |b .W35 1993 
082 0 0 |a 658.8  |2 20 
100 1 |a Walden, Gene. 
245 1 0 |a Marketing masters :  |b secrets of America's best companies /  |c Gene Walden, Edmund O. Lawler. 
263 |a 9305 
264 1 |a New York :  |b HarperBusiness,  |c [1993] 
264 4 |c ©1993 
300 |a xiv, 224 pages, 16 unnumbered pages of plates :  |b illustrations ;  |c 24 cm. 
336 |a text  |b txt  |2 rdacontent 
337 |a unmediated  |b n  |2 rdamedia 
338 |a volume  |b nc  |2 rdacarrier 
500 |a Includes index. 
650 0 |a Marketing  |z United States. 
650 0 |a Success in business  |z United States. 
700 1 |a Lawler, Ed. 
999 |a MARS 
999 f f |s 0f9598b3-2265-3828-897e-7a73cca43863  |i b4017474-aca2-3df5-a6b6-e9b5340b81b6  |t 0 
952 f f |p ric  |a Texas A&M University  |b Rellis Campus  |c Joint Library Facility  |d Remote Storage  |t 0  |e HF5415.1 .W35 1993  |h Library of Congress classification  |i unmediated -- volume  |m A14817711554 
998 f f |a HF5415.1 .W35 1993  |t 0  |l Remote Storage